The history of the czech academy of sciences in pictures (Record no. 43124)

MARC details
000 -LEADER
fixed length control field 00434nam a2200181Ia 4500
020 ## - INTERNATIONAL STANDARD BOOK NUMBER
ISBN 9788020023407
050 ## - CALL MARK
Classification number AS 142.P73 .H57/
100 ## - STATEMENT OF RESPONSIBILITY--MAIN AUTHOR NAME
Personal name Franc, Martin
245 #4 - TITLE STATEMENT
Title The history of the czech academy of sciences in pictures
260 ## - PUBLICATION, DISTRIBUTION, ETC. (IMPRINT)
Place of publication Praha
260 ## - PUBLICATION, DISTRIBUTION, ETC. (IMPRINT)
Name of publisher Academia
260 ## - PUBLICATION, DISTRIBUTION, ETC. (IMPRINT)
Year of publication 2014
300 ## - PHYSICAL DESCRIPTION
Number of Pages 457 p
650 ## - SUBJECT ADDED ENTRY--TOPICAL TERM
Topical Term Praha
942 ## - ADDED ENTRY ELEMENTS (KOHA)
Koha item type Books
Holdings
Withdrawn status Lost status Source of classification or shelving scheme Damaged status Not for loan Permanent Location Current Location Shelving location Date acquired Accession Number Price effective from Koha item type
    Library of Congress Classification     NILE UNIVERSITY OF NIGERIA - MAIN LIBRARY NILE UNIVERSITY OF NIGERIA - MAIN LIBRARY Items on shelf 06/03/2025 0186384 06/03/2025 Books